Mire mehetünk a sérelmekkel? Budapesti beszélgetés Litván György történesszel

Elmentve itt :
Bibliográfiai részletek
Szerző: ROSTÁS Zoltán
Adatforrás:Meister
Forrásdokumentuma:A Hét. -
15 sz., 1991, 3 p.
Nyelv:magyar
Kulcsszavak:politikai interjú
demokrácia
nacionalizmus
historiográfia
Kelet-Európa
LITVÁN György
LEADER 00530nab a2200181 i 4500
001 bibPRO00004972
008 060524s1991 xx hun
040 |a Sz1 
041 |a hun 
100 1 |a ROSTÁS Zoltán 
245 1 0 |a Mire mehetünk a sérelmekkel? Budapesti beszélgetés Litván György történesszel  |c ROSTÁS Zoltán 
695 |a politikai interjú 
695 |a demokrácia 
695 |a nacionalizmus 
695 |a historiográfia 
695 |a Kelet-Európa 
695 |a LITVÁN György 
773 0 |t A Hét. -  |g 15 sz., 1991, 3 p.